GC separácia enantiomérov vybraných organických zlúčenín v jedno a dvojkolónových systémoch

Saved in:
Bibliographic Details
Main Author: Repaská, Katarína
Format: Software Book
Language:Slovak
Published: Bratislava STU FCHPT 2007
Online Access:View in OPAC
Tags: Add Tag
No Tags, Be the first to tag this record!

MARC

LEADER 00000nam a2200000 a 4500
005 20260127134255.0
007 co ugu
008 060607 2006 xo 000 0 slo d
035 |a vtls009084127 
039 9 |y 200708010751  |z mschk03 
040 |a STUSCHK1  |b slo  |c STUSCHK1  |e AACR2 
100 1 |a Repaská, Katarína 
245 1 |a GC separácia enantiomérov vybraných organických zlúčenín v jedno a dvojkolónových systémoch  |c Katarína Repaská 
260 |a Bratislava  |b STU FCHPT  |c 2007 
500 |a Obháj.: 4.6. 2007 
500 |a Špec.: Analytická chémia 
500 |a Ústav analytickej chémie 
500 |a Diplomová práca na CD-ROMe 
910 |a SCHK95 
999 |c 8490  |d 8490